NLSUI OPAC header image

The United Nations convention on the use fo electronic communications in international contracts : An in-depth guide and sourcebook (Record no. 28636)

MARC details
000 -LEADER
fixed length control field 02808nam a2200217Ia 4500
003 - CONTROL NUMBER IDENTIFIER
control field OSt
005 - DATE AND TIME OF LATEST TRANSACTION
control field 20200908133218.0
008 - FIXED-LENGTH DATA ELEMENTS--GENERAL INFORMATION
fixed length control field 160316s2008 xxu||||| |||| 00| 0 eng d
020 ## - INTERNATIONAL STANDARD BOOK NUMBER
International Standard Book Number 9789041127495
040 ## - CATALOGING SOURCE
Transcribing agency NLS
082 ## - DEWEY DECIMAL CLASSIFICATION NUMBER
Classification number 346.022000
Item number BOS
100 ## - MAIN ENTRY--PERSONAL NAME
Personal name Boss A H
245 ## - TITLE STATEMENT
Title The United Nations convention on the use fo electronic communications in international contracts : An in-depth guide and sourcebook
260 ## - PUBLICATION, DISTRIBUTION, ETC.
Place of publication, distribution, etc. Boston
Name of publisher, distributor, etc. Wolter Kluwer
Date of publication, distribution, etc. 2008
300 ## - PHYSICAL DESCRIPTION
Extent 514p
Dimensions xxxi
365 ## - TRADE PRICE
Price amount Rs. 12,096
505 ## - FORMATTED CONTENTS NOTE
Formatted contents note Table of Contents: <br/>List of Contributors. Foreword. Preface. Acknowledgements. Introduction; A.H. Boss. Part I. Drafting and Negotiating History of the Electronic Communications Convention; J.A. Estrella-Faria. Part II. 1. Sphere of Application; A.H. Boss. 2. General Provisions; R. Sandoval López, E. Özsunay. 3. Use of Electronic Communications in International Contracts; G. Fuping, T. Smedinghoff, W.Kilian, E. Özsunay, J. Gregory, J. Remsu. 4. Final Provisions; S. Eiselen, J. Remsu, J. Gregory, C. Connolly, C. Kuner. Part III. 1. United States Perspective on the Convention on the Use of Electronic Communications in International Contracts; A.H. Boss. 2. Using the Electronic Communications Convention to Harmonize National and International Electronic Commerce Laws: An ASEAN Case Study; C. Connolly . 3. The Interaction between the Electronic Communications Convention and the United Nations Convention on the International Sale of Goods; S. Eiselen. 4. A Developing Country Perspective: The Impact of the Electronic Communications Convention on Legislation in the South Asian Region; J. Fernando. 5. Implementation of the Electronic Communications Convention: A Chinese Perspective; F. Gao. 6. The Electronic Communications Convention: A European Union Perspective; W. Kilian. 7. ICC Perspectives on the United Nations Electronic Communications Convention; C. Kuner. 8. Trade Usages under the Electronic Communications Convention; P. Polański. 9. The Role of Information Security in the Electronic Communications Convention; T. Smedinghoff. Appendices: A. United Nations Convention on the Use of Electronic Communications in International Contracts. B. List of Signatories to the Electronic Communications Convention. C. Electronic Communications Convention travaux préparatoires. D. List of Participants in the Drafting of the Electronic Communications Convention. E. UNCITRAL Model Law on Electronic Commerce (1996). F. Domestic Enactments of the UNCITRAL Model Law on Electronic Commerce. G. Glossary of Frequently Used Terms and Abbreviations. Bibliography. Index.
650 ## - SUBJECT ADDED ENTRY--TOPICAL TERM
Topical term or geographic name entry element 1. United Nations Convention - Use Of Electronic Communications 2. Electronic Contracts3. Electronic Commerce - Law & Legislation.
700 ## - ADDED ENTRY--PERSONAL NAME
Personal name Kilian W
--
942 ## - ADDED ENTRY ELEMENTS (KOHA)
Source of classification or shelving scheme Dewey Decimal Classification
Koha item type BOOKs
Holdings
Withdrawn status Lost status Damaged status Not for loan Home library Current library Shelving location Date acquired Cost, normal purchase price Total Checkouts Full call number Barcode Date last seen Price effective from Koha item type
      Not For Loan NLS NLS REFERENCE SECTION 30/05/2017 12096.00   346.022 BOS 26061 30/05/2017 30/05/2017 BOOKs